Perfect Assertiveness (Record no. 17519)

MARC details
000 -LEADER
fixed length control field 00628nam a2200241 a 4500
020 ## - INTERNATIONAL STANDARD BOOK NUMBER
ISBN 0096179
082 00 - DEWEY DECIMAL CLASSIFICATION NUMBER
Classification number 658.45
Author Cutter FER
100 ## - MAIN ENTRY--AUTHOR NAME
Author name Ferguson, Jan
245 ## - TITLE STATEMENT
Title Perfect Assertiveness
Sub title All You Need to Get It Right First Time
260 ## - PUBLICATION, DISTRIBUTION, ETC. (IMPRINT)
Place of publication London
Name of publisher Vintage
Year of publication 1996
300 ## - PHYSICAL DESCRIPTION
Number of Pages 117p
500 ## - GENERAL NOTE
General note includes index and biblioraphy
505 2# - FORMATTED CONTENTS NOTE
Formatted contents note Notes, Index
650 ## - SUBJECT ADDED ENTRY--TOPICAL TERM
Topical Term Communication in Management
942 ## - ADDED ENTRY ELEMENTS (KOHA)
Koha item type Books
700 1# -
-- Ferguson, Jan
Holdings
Collection code Home library Current library Date acquired Cost, normal purchase price Full call number Accession Number Koha item type
  Henry Martyn Institute Library Henry Martyn Institute Library 03/01/2010 95.00 658.45 FER 11001625 Books
                   Copyright © 2026 | Henry Martyn Institute | Hyderabad | TS-500052 | INDIA | Implemented by hmi.edu.in
Hit-Count:

Powered by Koha